Normal view MARC view

Entry Personal Name

Number of records used in: 2

001 - CONTROL NUMBER

  • control field: 50608

003 - CONTROL NUMBER IDENTIFIER

  • control field: dpl

005 - DATE AND TIME OF LATEST TRANSACTION

  • control field: 20120730160143.0

008 - FIXED-LENGTH DATA ELEMENTS

  • fixed length control field: 120730|||a|||||| | ||| d

040 ## - CATALOGING SOURCE

  • Original cataloging agency: dpl
  • Transcribing agency: dpl

100 ## - HEADING--PERSONAL NAME

  • Personal name: स्कॉट, सर वाल्टर

670 ## - SOURCE DATA FOUND

  • Source citation: Work cat.: (dpl)61061: स्कॉट, सर वाल्टर, बहादुर योद्दा आइवन हो /, 2011

670 ## - SOURCE DATA FOUND

  • Source citation: Work cat.: (dpl)61061: स्कॉट, सर वाल्टर, बहादुर योद्दा आइवन हो /, 2011

© Delhi Public Library
Hit Counter
free hit counter